[Event "Senica op 4th"]
[Site "Senica"]
[Date "2012.08.06"]
[Round "6"]
[White "Cerna, Lucia"]
[Black "Dekan, Stanislav"]
[Result "1-0"]
[WhiteElo "1061"]
[BlackElo "1000"]
[PlyCount "49"]
[EventDate "2012.08.03"]
[EventType "swiss"]
[EventRounds "9"]
[EventCountry "SVK"]
[SourceTitle "EXT 2014"]
[Source "ChessBase"]
[SourceDate "2013.11.20"]
[SourceVersion "1"]
[SourceVersionDate "2013.11.20"]
[SourceQuality "1"]

1. e4 e5 2. Nf3 Nc6 3. Bc4 d6 4. c3 g6 5. d3 Be6 6. Nbd2 Bg7 7. 0-0 Nge7 8. Bb3 Qd7 9. Re1 Nd8 10. Nf1 Bg4 11. Ng3 f6 12. Be3 Nec6 13. Ba4 Rf8 14. d4 Qc8 15. d5 f5 16. exf5 gxf5 17. Bg5 f4 18. Ne4 a6 19. dxc6 b6 20. Nxd6+ cxd6 21. Qxd6 Ra7 22. c7+ Kf7 23. cxd8Q Bxf3 24. Bb3+ Qe6 25. Qxe6# 1-0